000 00383nam a2200145Ia 4500
008 230711s9999||||xx |||||||||||||| ||und||
041 _aENG
082 _a5
_bSP-B
100 _aSpear,Bob
245 0 _aBasic programming fundamentals and approach
250 _a1st
260 _c1989
_aNew Delhi
_bCBS Publishers & Distributors Pvt.Ltd
650 _aComputer Engineering
942 _cBK
999 _c1400
_d1400